000 00609nam a22001937a 4500
005 20251108172341.0
008 250721s1986 xx 000 0 ara d
082 1 4 _a338.91724/طلا
100 1 _aالبابا، طلال
245 1 0 _aقضايا التخلف و التنمية في العالم الثالث :
_bفي المنهج /
250 _aط3
264 1 _aبيروت :
_bدار الطليعة للطباعة و النشر،
_c1986.
300 _a149ص
650 1 7 _aالدول النامية
650 1 7 _aالإقتصاد
650 1 7 _aالتخطيط
942 _2ddc
_cBK
999 _c76959
_d76959